| 000 | 00569nam a22001937a 4500 | ||
|---|---|---|---|
| 003 | OSt | ||
| 005 | 20260421053224.0 | ||
| 008 | 260421b |||||||| |||| 00| 0 eng d | ||
| 020 | _a1-4190-0371-2 | ||
| 040 |
_aDWC-Main lib. _cOC |
||
| 082 | _aCirc. 511 H257 2006 | ||
| 110 | _aHARCOURT ACHIEVE | ||
| 245 |
_aData, tables and graphs/ _cHARCOURT ACHIEVE |
||
| 260 |
_bAustin, texas : _aHarcourt Achieve, _cc2006. |
||
| 300 |
_aiii, 53 p. : _billustration ; _c28 cm. |
||
| 490 | _aTop Line Math | ||
| 650 | _a1. Graphic method. | ||
| 942 |
_2ddc _cBK-CIRC _hCirc. _n0 |
||
| 999 |
_c9555 _d9555 |
||